Catálogo público

Obtención de carne (Record no. 36218)

MARC details
000 -CABECERA
campo de control de longitud fija 01770cam a22004457a 4500
003 - IDENTIFICADOR DEL NÚMERO DE CONTROL
campo de control CHAP
005 - FECHA Y HORA DE LA ÚLTIMA TRANSACCIÓN
campo de control 20220329135425.0
008 - DATOS DE LONGITUD FIJA--INFORMACIÓN GENERAL
campo de control de longitud fija 971013s1981 mx a r 00010 spa d
010 ## - NÚMERO DE CONTROL DE LA BIBLIOTECA DEL CONGRESO
Número de control de LC 36218
011 ## - ENLACE DEL NUMERO DE CONTROL DE LA BIBLIOTECA DEL CONGRESO [OBSOLETO]
Número de control de LC 37190
020 ## - NÚMERO INTERNACIONAL ESTÁNDAR DEL LIBRO
Número Internacional Estándar del Libro 9682411106
035 ## - NÚMERO DE CONTROL DEL SISTEMA
Número de control de sistema 41309
040 ## - FUENTE DE LA CATALOGACIÓN
Centro/agencia transcriptor CHAP
082 04 - NÚMERO DE LA CLASIFICACIÓN DECIMAL DEWEY
Número de clasificación 664.9029
Número de documento/Ítem P3
100 00 - ENTRADA PRINCIPAL--NOMBRE DE PERSONA
Nombre de persona Paltrinieri, Gaetano.
9 (RLIN) 85035
245 10 - MENCIÓN DE TÍTULO
Título Obtención de carne
Mención de responsabilidad, etc. Gaetano Paltrinieri
260 ## - PUBLICACIÓN, DISTRIBUCIÓN, ETC.
Lugar de publicación, distribución, etc. México :
Nombre del editor, distribuidor, etc. Trillas,
Fecha de publicación, distribución, etc. 1981
300 ## - DESCRIPCIÓN FÍSICA
Extensión 96 p.
Otras características físicas : ilus.
490 ## - MENCIÓN DE SERIE
Mención de serie Manuales para educación agropecuaria.
-- Industrias rurales
500 ## - NOTA GENERAL
Nota general c.5 reimp. de 1978
590 ## - NOTA LOCAL (RLIN)
Nota local BATCH-UPD
Procedencia (VM) [OBSOLETO] 10
Condición del los carretes individuales (VM) [OBSOLETO] 20130110
-- UCH01
-- 0125
590 ## - NOTA LOCAL (RLIN)
Nota local BATCH-UPD
Procedencia (VM) [OBSOLETO] 10
Condición del los carretes individuales (VM) [OBSOLETO] 20130110
-- UCH01
-- 1342
590 ## - NOTA LOCAL (RLIN)
Nota local BATCH-UPD
Procedencia (VM) [OBSOLETO] 10
Condición del los carretes individuales (VM) [OBSOLETO] 20130409
-- UCH01
-- 2120
590 ## - NOTA LOCAL (RLIN)
Nota local BATCH-UPD
Procedencia (VM) [OBSOLETO] 10
Condición del los carretes individuales (VM) [OBSOLETO] 20130914
-- UCH01
-- 0846
590 ## - NOTA LOCAL (RLIN)
Nota local CONVERSION
Procedencia (VM) [OBSOLETO] 10
Condición del los carretes individuales (VM) [OBSOLETO] 20130109
-- UCH01
-- 1320
650 14 - PUNTO DE ACCESO ADICIONAL DE MATERIA--TÉRMINO DE MATERIA
Término de materia o nombre geográfico como elemento de entrada Carne
Subdivisión general Cortes.
9 (RLIN) 19076
650 14 - PUNTO DE ACCESO ADICIONAL DE MATERIA--TÉRMINO DE MATERIA
Término de materia o nombre geográfico como elemento de entrada Conejos
Subdivisión general Matanza.
9 (RLIN) 26370
650 14 - PUNTO DE ACCESO ADICIONAL DE MATERIA--TÉRMINO DE MATERIA
Término de materia o nombre geográfico como elemento de entrada Ganado porcino
Subdivisión general Matanza.
9 (RLIN) 45380
650 14 - PUNTO DE ACCESO ADICIONAL DE MATERIA--TÉRMINO DE MATERIA
Término de materia o nombre geográfico como elemento de entrada Mataderos.
9 (RLIN) 72885
710 0# - PUNTO DE ACCESO ADICIONAL--NOMBRE DE ENTIDAD CORPORATIVA
Nombre de entidad corporativa o nombre de jurisdicción como elemento de entrada México. Dirección General de Educación Tecnológica Agropecuaria.
9 (RLIN) 76981
830 ## - PUNTO DE ACCESO ADICIONAL DE SERIE-TÍTULO UNIFORME
Título uniforme Manuales para educación agropecuaria.
Nombre de parte o sección de la obra Industrias rurales
9 (RLIN) 70690
901 ## - ELEMENTOS DE DATOS A LOCAL LDA (RLIN)
a BK
942 ## - ELEMENTOS DE PUNTO DE ACCESO ADICIONAL (KOHA)
Tipo de ítem Koha Libro
949 ## - PROCESAMIENTO DE INFORMACIÓN LOCAL (OCLC)
a 664.9029 P3
b BC
c LIBRO
d 33724000131470
e LIBRO
f c.3
h 58057
i 41309
s i
t 75.00
949 ## - PROCESAMIENTO DE INFORMACIÓN LOCAL (OCLC)
a 664.9029 P3
b BC
c LIBRO
d 33724000131488
e LIBRO
h 58055
i 41309
s i
t 75.00
949 ## - PROCESAMIENTO DE INFORMACIÓN LOCAL (OCLC)
a 664.9029 P3
b BC
c LIBRO
d 33724000131496
e LIBRO
f c.4
h 58058
i 41309
s i
t 75.00
949 ## - PROCESAMIENTO DE INFORMACIÓN LOCAL (OCLC)
a 664.9029 P3
b BC
c LIBRO
d 33724000131504
e LIBRO
f c.2
h 58056
i 41309
s i
t 75.00
949 ## - PROCESAMIENTO DE INFORMACIÓN LOCAL (OCLC)
a 664.9029 P3
b BC
c LIBRO
d 33724000873956
e LIBRO
f c.6
g donaciØn
h 103353
i 41309
s i
949 ## - PROCESAMIENTO DE INFORMACIÓN LOCAL (OCLC)
a 664.9029 P3
b BC
c LIBRO
d 33724000881900
e LIBRO
f c.5
h 86975
i 41309
s i
t 75.00
Holdings
Estado de retiro Estado de pérdida Fuente del sistema de clasificación o colocación Estado dañado Restricciones de uso No para préstamo Código de colección Localización permanente Ubicación/localización actual Ubicación en estantería Fecha de adquisición Fuente de adquisición Información codificada de la localización en otra ubicación Total de préstamos Signatura topográfica completa Código de barras Fecha visto por última vez Número de copia Precio válido a partir de Tipo de ítem Koha Fecha del último préstamo
    Dewey Decimal Classification   Préstamo 15 días   General Biblioteca Central Biblioteca Central Planta principal - Colección General 31/12/2019 donacion LIBRO   664.9029 P3 33724000131470 31/12/2019 c.3 31/12/2019 Libro  
    Dewey Decimal Classification   Préstamo 15 días   General Biblioteca Central Biblioteca Central Planta principal - Colección General 31/12/2019   LIBRO   664.9029 P3 33724000131488 31/12/2019   31/12/2019 Libro  
    Dewey Decimal Classification   Préstamo 15 días   General Biblioteca Central Biblioteca Central Planta principal - Colección General 31/12/2019   LIBRO   664.9029 P3 33724000131496 31/12/2019 c.4 31/12/2019 Libro  
    Dewey Decimal Classification   Préstamo 15 días   General Biblioteca Central Biblioteca Central Planta principal - Colección General 31/12/2019   LIBRO   664.9029 P3 33724000131504 31/12/2019 c.2 31/12/2019 Libro  
    Dewey Decimal Classification   Préstamo 15 días   General Biblioteca Central Biblioteca Central Planta principal - Colección General 31/12/2019   LIBRO   664.9029 P3 33724000881900 31/12/2019 c.5 31/12/2019 Libro  
    Dewey Decimal Classification   Préstamo 15 días   General Biblioteca Central Biblioteca Central Planta principal - Colección General 31/12/2019   LIBRO 1 664.9029 P3 33724000873956 21/10/2024 c.6 31/12/2019 Libro 07/10/2024